Oeuvres de Vassily Kandinsky, 1866-1944

Salvato in:
Dettagli Bibliografici
Autori principali: Derouet, Christian (Autore), Boissel, Jessica (Autore)
Natura: Libro
Lingua:francese
Pubblicazione: París Centre Georges Pompidou 1985
Serie:Collections du Musée National d'Art Moderne
Soggetti:
Tags: Aggiungi Tag
Nessun Tag, puoi essere il primo ad aggiungerne!!

MARC

LEADER 00000nam a2200000 a 4500
001 UCU9186
003 CL-VaPUC
005 20220827074432.0
008 960809e19850000FR |||||||||||||||||fre|d
999 |c 251053  |d 251051 
040 |c Pontificia Universidad Católica de Valparaíso 
082 0 4 |a 759.06  |b DER  |2 21 
100 0 |a Derouet, Christian  |e author  |9 368288 
245 1 0 |a Oeuvres de Vassily Kandinsky, 1866-1944 
260 |a París  |b Centre Georges Pompidou  |c 1985 
300 |a 495 p 
490 0 |a Collections du Musée National d'Art Moderne 
583 |a last modification  |c 20160901 04:01:38  |k Rodrigo Vera 
600 |a  Kandinsky, Wassily   |d 1866-1944  |q Kandinski, Vasili Vasílievich  |9 858677 
650 7 |a PINTURA FRANCESA SIGLO 20  |2 CL-VaPUC  |9 333462 
650 0 |a Pintores franceses   |9 340354 
650 0 |a Arte abstracto   |9 265105 
650 0 |a Obras de arte  |9 337253 
650 0 |a Pintores   |9 265963 
650 0 |a Pintura moderna  |9 265600 
700 0 |a Boissel, Jessica  |e author  |9 368289 
852 |a BIBCUR 
942 |c BK  |2 ddc 
945 |d 19960809 00:00:00  |a rleighto 
952 |0 0  |1 0  |4 0  |6 759_060000000000000_DER_1985  |7 0  |8 A  |9 269986  |a BIBARQ  |b BIBARQ  |d 2019-11-19  |i 3217116  |o 759.06 DER 1985  |p 3217116  |r 2025-01-20  |w 2019-11-19  |y BK  |k ARQ